Manga Kingdom - Statistiques

Statistiques générales
  • Ce quiz a été pris 74 fois
  • Le résultat moyen est 17 sur 41
Statistiques - réponses
Questions Réponses % Correct
1 Personnage principal Shin
98%
2 Stratège de son armée Ten
88%
5 Shyuu présente dans cette armée depuis sa fondation Kyoukai
81%
14 Père du chef de la Gyokuhou et grand général Ousen
68%
15 Ancien chef de bandits et grand général Kanki
66%
17 Grand général de Zhao et premier ministre Riboku
66%
11 Roi de Qin Sei
66%
16 Reine des montagnes et grand général Yotanwa
66%
16 Ancien lieutenant de Ouki et grand général Tou
64%
18 Grand général de Zhao et bushin Houken
61%
12 Chef de la Gakuka et rival de Shin Mouten
59%
15 Père du chef de la Gakuka et grand général Moubu
58%
13 Chef de la Gyokuhou et rival de Shin Ouhon
58%
12 Chancelier d'état de Qin et le plus grand rival politique du roi Ryofui
58%
4 Lieutenant En
56%
23 L'autre premier ministre et qui est générale en second de Chu Karin
56%
7 Le frère de Bihei Bitou
54%
24 Ancien grand général de Zhao qui a migré a Wei puis finalement a Chu Renpa
54%
32 Fils de Gokei et premier général de Wei Gohoumei
47%
15 Chancelier de la droite et chef des affaires militaire Shouheikun
47%
3 Lieutenant Sosui
46%
6 Sœur de la précédente et également présente dans l'armée Rei
39%
20 Seigneur de Rigan et général Kisui
37%
14 Chancelier de la gauche Shoubunkun
37%
9 Ancien soldat de l'armée de Duke You qui rejoint la Hi Shin Garo
34%
34 Grand général de Yan et chef de tribus montagnardes Ordo
34%
13 Reine mère Biki
29%
33 Roi de Qi Ouken
27%
31 Dragon de feu de Wei, d'une grande force et ayant Junsou comme stratège Gaimou
25%
29 Expert en légalisme et responsable de l'espionnage a Han Kanpishi
25%
8 Epéiste avec un seul œil Suugen
25%
28 Princesse de Han Nei
22%
22 L'un des deux premiers ministres et qui a assassiné son prédécesseur Ri en
22%
21 Ancien roi des Quanrong Rozo
14%
35 Grand général de Yan ayant eu comme surnom " le dieu militaire " Gakuki
12%
26 L'un des 10 arcs de Chine et général de Chu Haku rei
12%
19 Roi de Zhao empoisonné dans son bain Toujou
10%
25 Le premier général de Chu Kouen
7%
10 Chef d'unité de 5 hommes ayant eu comme effectif le personnage principal a ses débuts Taku kei
5%
27 22eme Roi de Han Ou an
3%
30 Roi de Wei Kei bin
0%
Aucun quiz correspondant
Distribution des résultats
% des personnes avec chaque résultat
Percentile par nombre de réponses
Votre historique - résultats
Vous n’avez pas pris ce quiz